000 00833cam a2200205 4500
001 WB3544-11
008 000000n1999 000 0 eng u
035 _a(Sirsi) u101654
245 _aRegeneration fund launch
260 _c1999
490 _aPlanning (for the Natural and Built Environment)
_v(1343) 5 November 1999, 3(1)
520 _aA £1bn regeneration fund led by the private sector is to be launched in spring 2000. The English Cities Fund is being coordinated by English Partnerships and will start by supporting up to 4 projects, each of which will receive £25m over the next 5 to 10 years.
590 _aWB
650 _aENGLISH CITIES FUND
650 _aREGIONAL DEVELOPMENT
650 _aENGLISH PARTNERSHIPS
650 _aINSTITUTIONAL INVESTORS
690 _aPROPERTY-PROPERTY DEVELOPMENT
942 _n0
999 _c60782
_d60782